Análisis y propuesta para el planeamiento y validación del sistema de servicio al cliente interno de DEMASA, en la sección de control de documentos de las áreas de harinas y tortillas

Na minha lista:
Detalhes bibliográficos
Autor principal: Sanabria, Manfred
Formato: Livro
Publicado em: [San José, Costa Rica] 2002
Assuntos:
Tags: Adicionar Tag
Sem tags, seja o primeiro a adicionar uma tag!

MARC

LEADER 00000nam a2200000Ia 4500
003 008990
005 20231122133218.0
008 140114s2002 cr a 000 ||s d
040 |c cru CEDI 
090 |a TFG 4551 
100 |a Sanabria, Manfred  |9 7250 
245 |a Análisis y propuesta para el planeamiento y validación del sistema de servicio al cliente interno de DEMASA, en la sección de control de documentos de las áreas de harinas y tortillas  
260 |a [San José, Costa Rica]  |c 2002 
300 |a  iv, 87 hojas : ilustraciones.  
500 |a  Proyecto de Graduación (licenciatura en ingeniería industrial)--Universidad de Costa Rica. Facultad de Ingeniería. Escuela de Ingeniería Industrial 
501 |a Director de Proyecto de Graduación: Ing. Víctor Vargas 
650 |x DEMASA (COSTA RICA). CENTRO DE CONTROL DE DOCUMENTOS DE MOLINO Y TORTILLERIA  |x SERVICIO AL CLIENTE   |x CALIDAD DEL SERVICIO   |x ORGANIZACION DE ARCHIVOS DE OFICINA   |x DOCUMENTOS MERCANTILES   |x CONTROL   |x SATISFACCION DEL CLIENTE  |9 7251 
942 |c TFG  |h TFG 4551  |i 008990  |6 TFG_4551_008990000000000 
999 |c 17890  |d 17890